[Event "Summer Prague Open 2025 - A"]
[Site "Olympik hotel, Sokolovska 138, Praha"]
[Date "2025.08.09"]
[Round "2"]
[Board "23"]
[White "Mamyrov, Beybarys"]
[Black "Kuhn, Ulf"]
[Result "1-0"]
[WhiteElo "1960"]
[BlackElo "2105"]
[PlyCount "0"]
[EventDate "2025.08.08"]
[EventRounds "9"]
[EventCountry "CZE"]

1. d4 Nf6 2. c4 e6 3. Nc3 Bb4 4. e3 b6 5. Nge2 Bb7 6. a3 Bxc3+ 7. Nxc3 d5 8. cxd5
exd5 9. Bd3 O-O 10. O-O Nbd7 11. Bd2 c5 12. Re1 c4 13. Bf1 Nb8 14. b3 cxb3 15. Qxb3
Nc6 16. Rac1 Rc8 17. Qa4 Qd7 18. Bd3 Rfd8 19. f3 g6 20. Rc2 Qe6 21. Rec1 a6 22. Ne2
b5 23. Qb3 Qe8 24. Kf2 Ne7 25. Rc7 Bc6 26. Ra7 Ra8 27. Rxe7 Qxe7 28. Rxc6 Rdc8 29.
Bb4 Qd8 30. Rd6  1-0

[Event "Summer Prague Open 2025 - A"]
[Site "Olympik hotel, Sokolovska 138, Praha"]
[Date "2025.08.09"]
[Round "2"]
[Board "24"]
[White "Dobrovolsky, Ladislav"]
[Black "Grzesik, Norbert"]
[Result "1-0"]
[WhiteElo "2103"]
[BlackElo "1958"]
[PlyCount "0"]
[EventDate "2025.08.08"]
[EventRounds "9"]
[EventCountry "CZE"]

1. Nf3 c5 2. c4 Nc6 3. d4 cxd4 4. Nxd4 e5 5. Nc2 Nf6 6. Nc3 Bc5 7. g3 d6 8. Bg2 Be6
9. Nd5 Qd7 10. O-O h5 11. h4 O-O-O 12. Bg5 Bxd5 13. cxd5 Ne7 14. b4 Bb6 15. a4 a6
16. Be3 Bxe3 17. Nxe3 Kb8 18. Qd3 Ng4 19. Nc4 g5 20. Nb6 Qc7 21. a5 Rdg8 22. Rfc1
Qd8 23. b5 gxh4 24. bxa6 Nxf2 25. Qb5 Ka7 26. Nc8+  1-0

[Event "Summer Prague Open 2025 - A"]
[Site "Olympik hotel, Sokolovska 138, Praha"]
[Date "2025.08.09"]
[Round "2"]
[Board "25"]
[White "Steiner, Juraj"]
[Black "Fogel, Pierre"]
[Result "0-1"]
[WhiteElo "1959"]
[BlackElo "2103"]
[PlyCount "0"]
[EventDate "2025.08.08"]
[EventRounds "9"]
[EventCountry "CZE"]

1. d4 d5 2. c4 e6 3. Nc3 Be7 4. cxd5 exd5 5. Bf4 c6 6. e3 Bf5 7. Nge2 Nd7 8. Ng3
Bg6 9. Qb3 Qb6 10. Be2 Ngf6 11. h4 h5 12. Nf1 Ne4 13. Nd2 Nxd2 14. Kxd2 Qb4 15. Qxb4
Bxb4 16. a3 Be7 17. Rac1 Nf6 18. b4 Ne4+ 19. Nxe4 Bxe4 20. f3 Bf5 21. Rc3 a6 22.
Bg3 Kd7 23. Re1 Bd6 24. Bf2 g6 25. Bf1 b5 26. Rec1 Rhc8 27. Bd3 Bxd3 28. Kxd3 a5
29. Rb3 axb4 30. axb4 Ra4 31. Be1 f5 32. f4 Rca8 33. Rb2 Ra3+ 34. Ke2 Re8 35. Rbc2
Raxe3+ 36. Kf2 Bxf4 37. Ra1 Bg3+  0-1

[Event "Summer Prague Open 2025 - A"]
[Site "Olympik hotel, Sokolovska 138, Praha"]
[Date "2025.08.09"]
[Round "2"]
[Board "26"]
[White "Pavlis, Matej"]
[Black "Plasil, Petr"]
[Result "0-1"]
[WhiteElo "2098"]
[BlackElo "1952"]
[PlyCount "0"]
[EventDate "2025.08.08"]
[EventRounds "9"]
[EventCountry "CZE"]

1. d4 Nf6 2. c4 g6 3. Nf3 Bg7 4. g3 O-O 5. Bg2 d5 6. cxd5 Nxd5 7. O-O Re8 8. e4 Nb6
9. Nc3 Nc6 10. d5 Na5 11. Qc2 Bg4 12. h3 Bxf3 13. Bxf3 c6 14. Rd1 cxd5 15. exd5 Rc8
16. Qe2 Nac4 17. Nb5 Qd7 18. Nd4 h5 19. g4 hxg4 20. Bxg4 f5 21. Bf3 Bxd4 22. Rxd4
e5 23. Rd1 e4 24. Bg2 Nxd5 25. f3 e3 26. f4 Nxf4 27. Qxc4+ Rxc4 28. Rxd7 Ne2+ 29.
Kf1 Rxc1+ 30. Rxc1 Nxc1 31. Ke1 Kh8 32. a3 b5 33. Bc6 Re6 34. Bxb5 Rb6 35. a4 a6
36. Bc4 Rxb2 37. Rd1 Na2 38. Bxa6 Nc3 39. Rc1 Nxa4 40. Rc8+ Kg7 41. Re8 f4 42. Bd3
Rd2  0-1

[Event "Summer Prague Open 2025 - A"]
[Site "Olympik hotel, Sokolovska 138, Praha"]
[Date "2025.08.09"]
[Round "2"]
[Board "27"]
[White "Koridze, Lile"]
[Black "Scheffner, Jarno"]
[Result "1-0"]
[WhiteElo "2110"]
[BlackElo "1960"]
[PlyCount "0"]
[EventDate "2025.08.08"]
[EventRounds "9"]
[EventCountry "CZE"]

1. d4 Nf6 2. c4 g6 3. Nc3 d5 4. cxd5 Nxd5 5. Bd2 Bg7 6. e4 Nxc3 7. Bxc3 O-O 8. Nf3
Bg4 9. Be2 c6 10. O-O Nd7 11. Qb3 Qb6 12. Qa3 Bxf3 13. Bxf3 e5 14. d5 a5 15. Rfd1
Rfd8 16. dxc6 Bf8 17. Qb3 Qxc6 18. Rd5 Nc5 19. Qc4 b5 20. Qe2 f6 21. Bxa5 Rdb8 22.
b4 Ne6 23. Qd1 Qc4 24. Qd2 Ng5 25. Be2 Qxe4 26. Bxb5 Bh6 27. Qd1 Rc8 28. Qb3 Kh8
29. Rad1 Ne6 30. Bd3 Qg4 31. Bf1 Nf4 32. Rd8+ Bf8 33. h3 Qh5 34. Qf7 Rxd8  1-0

[Event "Summer Prague Open 2025 - A"]
[Site "Olympik hotel, Sokolovska 138, Praha"]
[Date "2025.08.10"]
[Round "3"]
[Board "1"]
[White "Moser, Axel"]
[Black "Prokofiev, Valentyn"]
[Result "0-1"]
[WhiteElo "2137"]
[BlackElo "2426"]
[PlyCount "0"]
[EventDate "2025.08.08"]
[EventRounds "9"]
[EventCountry "CZE"]

1. d4 Nf6 2. Nf3 g6 3. c4 Bg7 4. g3 O-O 5. Bg2 c5 6. Nc3 cxd4 7. Nxd4 Nc6 8. O-O
Nxd4 9. Qxd4 d6 10. Qd3 Nd7 11. b3 Nc5 12. Qd2 Be6 13. Bb2 Rb8 14. Nd5 Bxb2 15. Qxb2
b5 16. Rac1 a5 17. Rfd1 Bxd5 18. Rxd5 Qb6 19. Qd2 Rfc8 20. Qh6 bxc4 21. Rxc4 Nd7
22. Qc1 Qa6 23. Rxc8+ Rxc8 24. Qd2 Rc5 25. Rxc5 Nxc5 26. h4 h5 27. Bf3 Qb6 28. Qg5
Qc7 29. Qd5 Ne6 30. Kg2 Qc3 31. Be4 Kg7 32. Qd3 Qb2 33. Qc2 Qe5 34. Bf3 Qd4 35. e3
Qb4 36. Qb2+ Kg8 37. a3 Qb5 38. Qc3 Nc5 39. b4 axb4 40. Qxb4 Qxb4 41. axb4 Nd3 42.
g4 hxg4 43. Bxg4 Nxb4 44. f4 Nd5 45. Kf2 f5 46. Bf3 Nf6 47. Ke2 Kg7 48. Kf2 Kh6 49.
Kg3 e5 50. fxe5 dxe5 51. Kh3 e4  0-1

[Event "Summer Prague Open 2025 - A"]
[Site "Olympik hotel, Sokolovska 138, Praha"]
[Date "2025.08.10"]
[Round "3"]
[Board "2"]
[White "Stojanovic, Mihajlo"]
[Black "Davidek, Zdenek"]
[Result "1-0"]
[WhiteElo "2397"]
[BlackElo "2122"]
[PlyCount "0"]
[EventDate "2025.08.08"]
[EventRounds "9"]
[EventCountry "CZE"]

1. d4 d5 2. c4 e6 3. Nc3 c6 4. e3 Nf6 5. Nf3 Nbd7 6. b3 Bb4 7. Bd2 O-O 8. Qc2 Re8
9. Be2 Bd6 10. O-O a6 11. a4 e5 12. dxe5 Nxe5 13. cxd5 cxd5 14. Rfd1 Be6 15. Nd4
Rc8 16. Be1 Ne4 17. Qb2 Qe7 18. Nxe6 Nxc3 19. Bxc3 Qxe6 20. Rd2 Nc6 21. Bxg7 d4 22.
Bc4 Bxh2+ 23. Kxh2 Qd6+ 24. Kg1 Kxg7 25. exd4 Qf6 26. Rd3 Rc7 27. Qd2 Rd7 28. Rd1
Red8 29. Rf3 Qh4 30. Rf4 Qh5 31. Be2 Qe5 32. Rg4+ Kh8 33. Qe3 Qf6 34. Rf4 Qg7 35.
Re4 Rxd4 36. Rdxd4 Nxd4 37. Bc4 Rg8 38. Qxd4  1-0

[Event "Summer Prague Open 2025 - A"]
[Site "Olympik hotel, Sokolovska 138, Praha"]
[Date "2025.08.10"]
[Round "3"]
[Board "3"]
[White "Wagner, Julian"]
[Black "Heinrich, John"]
[Result "1/2-1/2"]
[WhiteElo "2134"]
[BlackElo "2351"]
[PlyCount "0"]
[EventDate "2025.08.08"]
[EventRounds "9"]
[EventCountry "CZE"]

1. d4 Nf6 2. c4 e6 3. Nf3 d5 4. g3 Bb4+ 5. Bd2 Be7 6. Qc2 O-O 7. Bg2 c6 8. O-O Nbd7
9. Bf4 a5 10. Nbd2 Nh5 11. Be5 f6 12. Bf4 g5 13. Be3 f5 14. Nb3 f4 15. Bd2 g4 16.
Ne5 a4 17. Nc1 Nxe5 18. dxe5 Bg5 19. Bb4 Rf5 20. Nd3 Bd7 21. Rad1 fxg3 22. hxg3 Nxg3
23. fxg3 Be3+ 24. Rf2 Rxf2 25. Nxf2 Bxf2+ 26. Kxf2 Qb6+ 27. e3 Qxb4 28. Rd4 Qf8+
29. Rf4 Qg7 30. cxd5 exd5 31. e4 Qxe5 32. exd5 Re8 33. Qd2 Qd6 34. Rxa4 Rf8+ 35.
Rf4 Qc5+ 36. Kf1 Qc4+ 37. Kg1 Rxf4 38. Qxf4 Qxf4 39. gxf4 c5 40. Kf2 Kf7 41. Be4
h6 42. Kg3 b5 43. a3 Ke7 44. Kh4 Kd6 45. Kh5 Bc8 46. Kxh6 g3 47. Bg2 Bb7 48. f5 Bxd5
49. f6 Ke5 50. Bxd5 Kxd5 51. f7 g2 52. f8=Q g1=Q 53. Qf3+ Kd4 54. Qc3+ Ke4 55. Qc2+
Kf4 56. Qe2 Qh1+ 57. Kg7 Qb7+ 58. Kf6 Qb6+ 59. Qe6 Qd8+ 60. Kf7 Qd4 61. Qb3 Qd7+
62. Kf6 c4 63. Qb4 Qd5 64. Qc3 Qd6+ 65. Kf7 Ke4 66. Ke8 Qd3 67. Qb4 Qd5 68. Qe1+
Kf5 69. Ke7 Qc6 70. Qf2+ Ke5 71. Qe3+ Kf5  1/2-1/2

[Event "Summer Prague Open 2025 - A"]
[Site "Olympik hotel, Sokolovska 138, Praha"]
[Date "2025.08.10"]
[Round "3"]
[Board "4"]
[White "Dobrovolsky, Ladislav"]
[Black "Toman, Ondrej"]
[Result "1-0"]
[WhiteElo "2103"]
[BlackElo "2311"]
[PlyCount "0"]
[EventDate "2025.08.08"]
[EventRounds "9"]
[EventCountry "CZE"]

1. Nf3 d5 2. e3 Nc6 3. d4 Nf6 4. c4 e6 5. Nc3 Be7 6. Bd3 Nb4 7. Be2 dxc4 8. Bxc4
c5 9. O-O O-O 10. dxc5 Qa5 11. Qe2 Qxc5 12. a3 Nbd5 13. Bd2 Nb6 14. Ba2 Qh5 15. e4
e5 16. h3 Bd7 17. Rac1 h6 18. Rfe1 Rac8 19. Be3 Kh8 20. Bxb6 axb6 21. Nd5 Nxd5 22.
Bxd5 Bc6 23. Bxc6 Rxc6 24. Rxc6 bxc6 25. Qc4 c5 26. Qd5 f6 27. Qe6 Bd8 28. Rd1 f5
29. Rd5 Bf6 30. Qxb6 fxe4 31. Qxc5 exf3 32. Qxf8+ Kh7 33. Qc8 fxg2 34. Qg4 Qe8 35.
Qf5+ Kg8 36. Rc5 Qa4 37. Kxg2 Qb3 38. Qc2 Qb7+ 39. f3 Qb6 40. Rc8+ Bd8 41. Qd2 Qg6+
42. Kh2 Kh7 43. Rxd8 e4 44. fxe4 Qf6 45. Rd3 h5 46. Qe2 Qf4+ 47. Kg2 h4 48. Qh5+
 1-0

[Event "Summer Prague Open 2025 - A"]
[Site "Olympik hotel, Sokolovska 138, Praha"]
[Date "2025.08.10"]
[Round "3"]
[Board "5"]
[White "Petr, Jakub"]
[Black "Toniolo, Samuel"]
[Result "1/2-1/2"]
[WhiteElo "2292"]
[BlackElo "2078"]
[PlyCount "0"]
[EventDate "2025.08.08"]
[EventRounds "9"]
[EventCountry "CZE"]

1. e4 d6 2. d4 Nf6 3. Nc3 e5 4. dxe5 dxe5 5. Qxd8+ Kxd8 6. Bg5 Be6 7. O-O-O+ Nbd7
8. f4 exf4 9. Nge2 h6 10. Bxf6+ gxf6 11. Nxf4 Bd6 12. g3 Be5 13. Ncd5 Bg4 14. Be2
Bxe2 15. Nxe2 c6 16. Ne3 Kc7 17. Rhf1 h5 18. Nc4 Rae8 19. h4 b5 20. Nxe5 Rxe5 21.
Rd4 Rhe8 22. Nc3 a5 23. a3 R8e6 24. b4 a4 25. Rd3 Rd6 26. Rdf3 Kd8 27. Rf5 Ke7 28.
Rxe5+ Nxe5 29. Rf5 Nc4 30. Rxh5 Nxa3 31. Rc5 Kf8 32. g4 Kg7 33. h5 Kh6 34. e5 fxe5
35. Ne4 Re6 36. Rc3 Nc4 37. Rf3 Kg7 38. g5 a3 39. Kb1 Rd6 40. Ka2 Rd4 41. h6+ Kg8
42. Nf6+ Kh8 43. Rg3 Rd8 44. g6 fxg6 45. Rxg6 Rf8 46. h7 Rxf6 47. Rxf6 Kxh7 48. Rxc6
e4 49. Rc5 e3 50. Rxb5 Kg6 51. Rb8 Kf5 52. Re8 Ne5 53. Rh8 e2 54. Rh1 Nf3 55. Kxa3
e1=Q 56. Rxe1 Nxe1 57. c4 Ke5 58. Ka4 Nd3 59. Ka5 Kd6 60. b5 Ne5 61. Kb4 Nd7 62.
b6 Nxb6 63. c5+ Kc6 64. cxb6 Kxb6  1/2-1/2

[Event "Summer Prague Open 2025 - A"]
[Site "Olympik hotel, Sokolovska 138, Praha"]
[Date "2025.08.10"]
[Round "3"]
[Board "6"]
[White "Walek, Petr"]
[Black "Mrinmoy, Rajkhowa"]
[Result "1-0"]
[WhiteElo "2284"]
[BlackElo "2068"]
[PlyCount "0"]
[EventDate "2025.08.08"]
[EventRounds "9"]
[EventCountry "CZE"]

1. e4 e6 2. d4 d5 3. Nd2 c5 4. Ngf3 cxd4 5. exd5 Qxd5 6. Bc4 Qd7 7. O-O Nc6 8. Nb3
a6 9. a4 Nf6 10. Qe2 Qc7 11. Rd1 Bd7 12. Bg5 Bd6 13. Nbxd4 Nxd4 14. Nxd4 Be5 15.
Nf3 Bf4 16. Bxf4 Qxf4 17. Ne5 Rc8 18. g3 Qh6 19. Rd6 Ke7 20. Rad1 Rhd8 21. Nxf7 Kxf7
22. Bxe6+ Kf8 23. Bxd7 Rc5 24. c3 Qg5 25. Bh3 Rxd6 26. Rxd6 Re5 27. Qd2 Qg6 28. Bf1
Qe4 29. Qd4 Qe1 30. Kg2 Re8 31. Rxf6+  1-0

[Event "Summer Prague Open 2025 - A"]
[Site "Olympik hotel, Sokolovska 138, Praha"]
[Date "2025.08.10"]
[Round "3"]
[Board "7"]
[White "Fogel, Pierre"]
[Black "Jun, Rudolf"]
[Result "0-1"]
[WhiteElo "2103"]
[BlackElo "2283"]
[PlyCount "0"]
[EventDate "2025.08.08"]
[EventRounds "9"]
[EventCountry "CZE"]

1. c4 e5 2. Nc3 Nf6 3. Nf3 Nc6 4. g3 g6 5. Bg2 Bg7 6. O-O O-O 7. d3 Re8 8. e4 d6
9. h3 h6 10. Be3 Be6 11. b3 Nh5 12. d4 exd4 13. Nxd4 Bd7 14. Nxc6 Bxc6 15. Bd4 Nf6
16. Re1 a5 17. Qc2 Nd7 18. Bxg7 Kxg7 19. Nb5 Bxb5 20. cxb5 Re5 21. Rac1 Rc5 22. Qd2
Qf6 23. Rxc5 Nxc5 24. e5 dxe5 25. Qd5 Ne6 26. Qxb7 Rd8 27. Qe4 Rd2 28. Qxe5 Rxa2
29. Qxf6+ Kxf6 30. Bd5 Nd4 31. Re4 Nxb5 32. Rf4+ Ke5 33. Bxf7 Nd4 34. Bc4 Rc2 35.
Rf7 a4 36. Rxc7 axb3 37. Re7+ Kd6  0-1

[Event "Summer Prague Open 2025 - A"]
[Site "Olympik hotel, Sokolovska 138, Praha"]
[Date "2025.08.10"]
[Round "3"]
[Board "8"]
[White "Lever, Erwan"]
[Black "Mikulka, Martin Michael"]
[Result "1-0"]
[WhiteElo "2226"]
[BlackElo "2062"]
[PlyCount "0"]
[EventDate "2025.08.08"]
[EventRounds "9"]
[EventCountry "CZE"]

1. d4 Nf6 2. c4 d6 3. Nf3 g6 4. Nc3 Bg7 5. e4 O-O 6. Be2 e5 7. O-O Nc6 8. d5 Ne7
9. Ne1 Nd7 10. Be3 f5 11. f3 f4 12. Bf2 g5 13. Rc1 Rf7 14. c5 Nxc5 15. b4 Na6 16.
Nd3 Bd7 17. a4 h5 18. Nb5 b6 19. Be1 Bf6 20. Nf2 Rg7 21. Nxd6 cxd6 22. Bxa6 g4 23.
fxg4 hxg4 24. g3 Qe8 25. Rc7 Bxa4 26. Nxg4 Bh4 27. Qf3 Bd7 28. Nh6+ Kh7 29. Rxd7
Kxh6 30. Rxd6+ Kh7 31. Kh1 Bg5 32. Bc3 Ng6 33. Qh5+ Bh6 34. gxf4 exf4 35. Bd3  1-0

[Event "Summer Prague Open 2025 - A"]
[Site "Olympik hotel, Sokolovska 138, Praha"]
[Date "2025.08.10"]
[Round "3"]
[Board "9"]
[White "Taborsky, Rostislav"]
[Black "Brejnik, Gustav"]
[Result "1-0"]
[WhiteElo "2093"]
[BlackElo "2220"]
[PlyCount "0"]
[EventDate "2025.08.08"]
[EventRounds "9"]
[EventCountry "CZE"]

1. d4 Nf6 2. c4 e6 3. Nf3 d5 4. g3 Bb4+ 5. Bd2 Be7 6. Bg2 O-O 7. O-O Nbd7 8. Qc2
c6 9. b3 b6 10. a4 a5 11. Bf4 Ba6 12. Nbd2 Nh5 13. Be3 f5 14. Rfd1 Rc8 15. Ne5 f4
16. Bxf4 Nxf4 17. gxf4 Rxf4 18. e3 Rf8 19. f4 Nxe5 20. fxe5 Bg5 21. Qc3 Qe7 22. e4
Qb4 23. Qxb4 axb4 24. exd5 cxd5 25. cxd5 Be3+ 26. Kh1 Bxd4 27. Rac1 Rxc1 28. Rxc1
Bxe5 29. dxe6 Bf4 30. Bd5 Kh8 31. Rd1 Rd8 32. Nc4 Bxc4 33. e7 Re8 34. Bxc4 Bg5 35.
Bf7  1-0

[Event "Summer Prague Open 2025 - A"]
[Site "Olympik hotel, Sokolovska 138, Praha"]
[Date "2025.08.10"]
[Round "3"]
[Board "10"]
[White "Vos, Rik"]
[Black "Rosen, Bernd"]
[Result "1/2-1/2"]
[WhiteElo "2060"]
[BlackElo "2181"]
[PlyCount "0"]
[EventDate "2025.08.08"]
[EventRounds "9"]
[EventCountry "CZE"]

1. d4 e6 2. c4 f5 3. Nf3 Nf6 4. g3 Be7 5. Bg2 d6 6. O-O O-O 7. b3 Ne4 8. Bb2 Bf6
9. Nbd2 Nc6 10. Nxe4 fxe4 11. Ne1 d5 12. e3 Ne7 13. f3 Nf5 14. Qe2 exf3 15. Nxf3
Nd6 16. Nd2 c6 17. e4 dxe4 18. Nxe4 Nxe4 19. Qxe4 Qd6 20. Rf4 Bd7 21. Raf1 Bg5 22.
Rxf8+ Rxf8 23. Rxf8+ Qxf8 24. Bh3 Qd6 25. Kf2 c5 26. Ke2 Kf7 27. d5 exd5 28. Qf3+
Ke7 29. Bxd7 Qxd7 30. cxd5 Bf6 31. Bxf6+ gxf6 32. Ke3 b5 33. a4 bxa4 34. Qe4+ Kd6
35. bxa4 f5 36. Qc4 Qg7 37. Kd3 Qg4 38. Qa6+ Kxd5 39. Qb7+ Kd6 40. Qb8+ Ke6 41. Qe8+
Kd6  1/2-1/2

[Event "Summer Prague Open 2025 - A"]
[Site "Olympik hotel, Sokolovska 138, Praha"]
[Date "2025.08.10"]
[Round "3"]
[Board "11"]
[White "Hill, Andy"]
[Black "Botea, David-Alexandru"]
[Result "0-1"]
[WhiteElo "1989"]
[BlackElo "2166"]
[PlyCount "0"]
[EventDate "2025.08.08"]
[EventRounds "9"]
[EventCountry "CZE"]

1. Nf3 d5 2. e3 Nf6 3. d4 Bf5 4. Nh4 Be4 5. f3 Bg6 6. Nxg6 hxg6 7. Bd3 e6 8. Nd2
c5 9. c3 Nc6 10. f4 Be7 11. Qf3 Qc7 12. Nf1 cxd4 13. exd4 Na5 14. Ne3 Nc4 15. Nxc4
dxc4 16. Bc2 O-O-O 17. Bd2 Kb8 18. h4 Rh5 19. Kf2 Bd6 20. g3 e5 21. g4 e4 22. Bxe4
Nxe4+ 23. Qxe4 f5 24. Qc2 fxg4 25. Qxg6 Rb5 26. Kg3 Rxb2 27. Be3 Qc6  0-1

[Event "Summer Prague Open 2025 - A"]
[Site "Olympik hotel, Sokolovska 138, Praha"]
[Date "2025.08.10"]
[Round "3"]
[Board "12"]
[White "Domanskiy, Mykola"]
[Black "Mylonas, Konstantinos"]
[Result "1/2-1/2"]
[WhiteElo "2166"]
[BlackElo "1974"]
[PlyCount "0"]
[EventDate "2025.08.08"]
[EventRounds "9"]
[EventCountry "CZE"]

1. e4 d5 2. exd5 Qxd5 3. Nc3 Qd8 4. Bc4 Nf6 5. Nf3 a6 6. a4 e6 7. O-O c5 8. d4 cxd4
9. Qxd4 Qxd4 10. Nxd4 Bd7 11. Be3 Nc6 12. Nxc6 Bxc6 13. Rfd1 Rc8 14. Bb3 Bb4 15.
Ne2 Bd5 16. Bxd5 Nxd5 17. c3 Nxe3 18. fxe3 Bc5 19. Kf2 Ke7 20. Kf3 Rhd8 21. e4 Rxd1
22. Rxd1 Bd6 23. h3 Rc4 24. b3 Rc7 25. c4 Be5 26. Nc1 g6 27. Nd3 Rd7 28. g4 f5 29.
Ke2 Bd4 30. exf5 exf5 31. Nf4 Kf6 32. Nd5+ Ke5 33. gxf5 gxf5 34. Kf3 Ba7 35. Re1+
Kd4 36. Rd1+ Ke5 37. a5 Rg7 38. Re1+ Kd4 39. Re8 Bc5 40. Rd8 Ba3 41. Nf4+ Kc3 42.
Rd3+ Kc2 43. Re3 Bc1 44. Re2+ Kxb3 45. Ne6 Rf7 46. c5 Ba3 47. c6 bxc6 48. Nd4+ Kc4
49. Nxc6 Kd5 50. Nb8 Rf6 51. Rd2+ Kc4 52. Rd7 Rh6 53. h4 Rxh4 54. Nxa6 Kb5 55. Nb8
Kxa5 56. Rd5+ Kb6 57. Rxf5 Kc7 58. Na6+ Kd6 59. Rf4 Rh3+ 60. Kg2 Rb3 61. Rf3 Rxf3
 1/2-1/2

[Event "Summer Prague Open 2025 - A"]
[Site "Olympik hotel, Sokolovska 138, Praha"]
[Date "2025.08.10"]
[Round "3"]
[Board "13"]
[White "Plasil, Petr"]
[Black "Zvolensky, David"]
[Result "0-1"]
[WhiteElo "1952"]
[BlackElo "2154"]
[PlyCount "0"]
[EventDate "2025.08.08"]
[EventRounds "9"]
[EventCountry "CZE"]

1. d4 d6 2. Nf3 Nf6 3. c4 g6 4. Nc3 Bg7 5. e4 O-O 6. Be2 e5 7. O-O Nc6 8. d5 Ne7
9. Ne1 Nd7 10. Be3 f5 11. f3 f4 12. Bf2 g5 13. a4 a5 14. Nd3 b6 15. b4 axb4 16. Nxb4
Nf6 17. Nd3 Ng6 18. a5 bxa5 19. c5 h5 20. cxd6 cxd6 21. Na4 g4 22. Kh1 g3 23. Bb6
Qe7 24. Bg1 gxh2 25. Bf2 Rb8 26. Nb6 Rxb6 27. Bxb6 h4 28. Nf2 Nh5 29. Kxh2 Qg5 30.
Ng4 Ng3 31. Rf2 Bxg4 32. fxg4 Nxe4 33. Rf3 Nf6 34. Rb3 e4 35. Rxa5 Ne5 36. Bd4 Nfxg4+
37. Bxg4 Nxg4+ 38. Kg1 f3 39. Ra2 Bxd4+ 40. Qxd4 Qc1+  0-1

[Event "Summer Prague Open 2025 - A"]
[Site "Olympik hotel, Sokolovska 138, Praha"]
[Date "2025.08.10"]
[Round "3"]
[Board "14"]
[White "Lihotsky, Lukas"]
[Black "Mamyrov, Beybarys"]
[Result "1/2-1/2"]
[WhiteElo "2153"]
[BlackElo "1960"]
[PlyCount "0"]
[EventDate "2025.08.08"]
[EventRounds "9"]
[EventCountry "CZE"]

1. d4 d5 2. c4 e6 3. Nc3 c5 4. cxd5 exd5 5. Nf3 Nf6 6. g3 Nc6 7. Bg2 Be7 8. O-O O-O
9. Bg5 Be6 10. Rc1 c4 11. Ne5 h6 12. Bxf6 Bxf6 13. Nxc6 bxc6 14. e3 Rb8 15. b3 cxb3
16. axb3 Qb6 17. Rb1 Bf5 18. Rb2 Be7 19. Na4 Qb5 20. Qa1 Qb4 21. Rc1 Qa3 22. Nc5
Bxc5 23. dxc5 Rxb3 24. Rxb3 Qxb3 25. Qxa7 Qb2  1/2-1/2

[Event "Summer Prague Open 2025 - A"]
[Site "Olympik hotel, Sokolovska 138, Praha"]
[Date "2025.08.10"]
[Round "3"]
[Board "15"]
[White "Lalic, Bogdan"]
[Black "Cuthbert, Michael"]
[Result "1/2-1/2"]
[WhiteElo "2317"]
[BlackElo "1901"]
[PlyCount "0"]
[EventDate "2025.08.08"]
[EventRounds "9"]
[EventCountry "CZE"]

1. d4 d5 2. c4 e6 3. Nf3 Nf6 4. Nc3 Be7 5. g3 dxc4 6. Bg2 c5 7. dxc5 Qxd1+ 8. Nxd1
Bxc5 9. Ne5 Nbd7 10. Nxc4 Nd5 11. a3 b5 12. Nce3 Nxe3 13. Bxe3 Rb8 14. Bxc5 Nxc5
15. Rc1 Bb7 16. O-O Bxg2 17. Kxg2 Ne4 18. Rc7 a5 19. Ne3 O-O 20. Rd1 Nf6 21. Rdc1
a4 22. Ra7 h6 23. Rcc7 Ne8 24. Rd7 Nf6 25. Rdb7 Ne4 26. Ng4 Nd6 27. Rxb8 Rxb8 28.
Ne5 Nc4 29. Nxc4 bxc4 30. Rxa4  1/2-1/2

[Event "Summer Prague Open 2025 - A"]
[Site "Olympik hotel, Sokolovska 138, Praha"]
[Date "2025.08.10"]
[Round "3"]
[Board "16"]
[White "Sokolovsky, Jakub"]
[Black "Grezels, Florian"]
[Result "1-0"]
[WhiteElo "2051"]
[BlackElo "2340"]
[PlyCount "0"]
[EventDate "2025.08.08"]
[EventRounds "9"]
[EventCountry "CZE"]

1. e4 c6 2. d4 d5 3. e5 Bf5 4. h4 h5 5. Bd3 Bxd3 6. Qxd3 e6 7. Bg5 Be7 8. Nf3 Nh6
9. O-O Nf5 10. g3 Bxg5 11. hxg5 Nd7 12. Nbd2 c5 13. dxc5 O-O 14. b4 Qc7 15. Rfe1
a5 16. c3 b6 17. cxb6 Qxb6 18. bxa5 Rxa5 19. Nb3 Nc5 20. Nxc5 Qxc5 21. Nd4 Ra3 22.
Nxf5 Rxc3 23. Qd4 exf5 24. Qxc5 Rxc5 25. a4 Ra8 26. Red1 Kf8 27. Rd4 Ke7 28. Rb1
Ke6 29. f4 Ra6 30. Rdb4 Rac6 31. Rb6 d4 32. Rxc6+ Rxc6 33. a5 Kd5 34. Ra1 d3 35.
Kf2 Kd4 36. a6 Rc2+ 37. Kf3 d2 38. Ke2 Rc1 39. Ra4+ Kc3 40. Ra3+ Kb2 41. Kxd2 Rc8
42. Ra5 g6 43. a7 Ra8 44. Kd3 Kb3 45. Rb5+ Ka4 46. Rb7  1-0

[Event "Summer Prague Open 2025 - A"]
[Site "Olympik hotel, Sokolovska 138, Praha"]
[Date "2025.08.10"]
[Round "3"]
[Board "17"]
[White "Muller, Maxime"]
[Black "Kulhanek, Tomas"]
[Result "0-1"]
[WhiteElo "2043"]
[BlackElo "2289"]
[PlyCount "0"]
[EventDate "2025.08.08"]
[EventRounds "9"]
[EventCountry "CZE"]

1. d4 d5 2. c4 Nc6 3. Nc3 Nf6 4. Nf3 e6 5. g3 dxc4 6. Bg2 Nd5 7. O-O Be7 8. e4 Nb6
9. Be3 O-O 10. Qe2 Bd7 11. Rfd1 Re8 12. Rac1 Qc8 13. h4 h6 14. Bf4 Bf8 15. Nb1 Nb4
16. Ne5 Nxa2 17. Qh5 Re7 18. Nxd7 Rxd7 19. Rc2 Nb4 20. Re2 Nd3 21. Be3 g6 22. Qg4
Ne5 23. Qf4 Bg7 24. d5 Nd3 25. Qf3 Nxb2 26. Rdd2 c3 27. Rc2 exd5 28. exd5 Nxd5 29.
Bh3 f5 30. h5 Nxe3 31. Rxe3 Nc4 32. Re1 Nd2 33. Nxd2 cxd2 34. Rd1 Qe8 35. hxg6 Kh8
36. Bxf5 Qe1+ 37. Kg2 Rf8 38. Rc4 c6 39. g4 Rd4 40. Rc2 a5 41. g5 Qe5 42. gxh6 Rxf5
43. hxg7+ Kxg7 44. Qh3 Rg5+ 45. Kf1 Qb5+  0-1

[Event "Summer Prague Open 2025 - A"]
[Site "Olympik hotel, Sokolovska 138, Praha"]
[Date "2025.08.10"]
[Round "3"]
[Board "18"]
[White "Toroptseva, Yevheniia"]
[Black "Giraldi, Edoardo"]
[Result "1/2-1/2"]
[WhiteElo "2201"]
[BlackElo "2038"]
[PlyCount "0"]
[EventDate "2025.08.08"]
[EventRounds "9"]
[EventCountry "CZE"]

1. e4 e5 2. Nc3 Nf6 3. f4 d5 4. fxe5 Nxe4 5. Qf3 f5 6. d3 Nxc3 7. bxc3 d4 8. Qg3
Nc6 9. Be2 Be6 10. Bf3 Qd7 11. Ne2 O-O-O 12. O-O Bc5 13. Bxc6 Qxc6 14. cxd4 Rxd4
15. Kh1 Rg4 16. Qf3 Qxf3 17. gxf3 Ra4 18. c4 Rd8 19. Bg5 Re8 20. Rfd1 h6 21. Bd2
g5 22. Bc3 b5 23. Ng3 Bf2 24. cxb5 Bxg3 25. hxg3 Bd5 26. Kg1 Bxf3 27. Rd2 f4 28.
Kf2 g4 29. gxf4 Rxf4 30. Kg3 Rf5 31. Rf1 Rh5 32. Rh2 Rxh2 33. Kxh2 Kd7 34. Kg3 Ke6
35. Rf2 h5 36. Rh2 Rh8 37. Bd4 Kd5 38. Bxa7 Kxe5 39. Be3 Kf5 40. a4 Kg6 41. a5 Rb8
42. Rb2 Bc6 43. b6 cxb6 44. axb6 Rb7 45. Rc2 Bb5 46. Rc3 Bd7 47. Ra3 Bb5 48. Rb3
Bc6 49. Rc3 Bd7 50. Kh4 Be8 51. Rc5 Kf6 52. Rc8 Ke7 53. Bg5+ Kf7 54. Kxh5 Rxb6 55.
Rc7+ Kg8+ 56. Kxg4 Rd6 57. Rc3 Bg6 58. Rc8+ Kf7 59. Rc7+ Kg8 60. Bf4 Rxd3 61. Kg5
Be4 62. Kf6 Rf3 63. Rg7+ Kh8 64. Rg4 Bc6 65. Kf7 Bd5+ 66. Kf8 Kh7 67. Ke7 Rf1 68.
Kf6 Bc6 69. Rh4+ Kg8 70. Ke6 Kg7 71. Rg4+ Kh7 72. Be5 Kh6 73. Rg8 Kh5  1/2-1/2